Coloquio de Juristas Arabes sobre Palestina (Record no. 113714)

MARC details
000 -LEADER
campo de control de longitud fija 00608nam a2200169 4500
001 - NÚMERO DE CONTROL
campo de control 113714
003 - IDENTIFICADOR DE NÚMERO DE CONTROL
campo de control ES-MaACL
005 - FECHA Y HORA DE LA ÚLTIMA TRANSACCIÓN
campo de control 20230906190002.0
007 - CAMPO FIJO DE DESCRIPCIÓN FÍSICA--INFORMACIÓN GENERAL
campo de control de longitud fija t|
008 - DATOS DE LONGITUD FIJA--INFORMACIÓN GENERAL
campo de control de longitud fija 061121s1978 sp r ||||1| spa d
111 2# - ENTRADA PRINCIPAL--NOMBRE DE CONGRESO/REUNIÓN
Nombre de congreso/reunión o jurisdicción como elemento de entrada Coloquio de Juristas Árabes sobre Palestina (
Fecha del congreso o de la firma del tratado 1967.
Sede del congreso/Lugar de la reunión Argel)
9 (RLIN) 92
245 10 - MENCIÓN DEL TÍTULO
Título Coloquio de Juristas Arabes sobre Palestina
Resto del título : los palestinos y sus derechos, 22-27 de julio de 1967 /
Mención de responsabilidad, etc. traducción: Rodolfo Aráoz Alfaro.
260 ## - PUBLICACIÓN, DISTRIBUCIÓN, ETC.
Lugar de publicación, distribución, etc. Madrid :
Nombre del editor, distribuidor, etc. Fundamentos,
Fecha de publicación, distribución, etc. 1978.
300 ## - DESCRIPCIÓN FÍSICA
Extensión 231 p. ;
Dimensiones 19 cm.
700 1# - ENTRADA AGREGADA--NOMBRE PERSONAL
Nombre de persona Aráoz Alfaro, Rodolfo.
9 (RLIN) 22342
852 ## - LOCALIZACIÓN
Ubicación ES-MaACL
Número de control de estantería A-10231
Sublocalización o colección R.98766
Holdings
Estatus retirado Estado de pérdida Estado de daño No para préstamo Biblioteca de origen Biblioteca actual Ubicación en estantería Fecha de adquisición Fuente de adquisición Total de préstamos Signatura topográfica completa Código de barras Visto por última vez Precio de reemplazo Tipo de ítem Koha
        Biblioteca del Ateneo de Madrid Biblioteca del Ateneo de Madrid Depósito 1 17/01/2008     A-10231 1118595 23/02/2023 23/02/2023 Libro impreso